| 000 -CABECERA |
| Campo de control de longitud fija |
00959nam a2200253 c 4500 |
| 001 - NÚMERO DE CONTROL |
| Campo de control |
122208 |
| 003 - IDENTIFICADOR DEL NÚMERO DE CONTROL |
| Campo de control |
ES-SlBCS |
| 005 - FECHA Y HORA DE LA ÚLTIMA TRANSACCIÓN |
| Campo de control |
20210327224203.0 |
| 008 - CÓDIGOS DE INFORMACIÓN DE LONGITUD FIJA |
| Campo de control de longitud fija |
150828s2015 sp a | |||| 000 0 spa |
| 015 ## - NÚMERO DE BIBLIOGRAFÍA NACIONAL |
| Número de bibliografía nacional |
MON1509 |
| 017 ## - NÚMERO DE COPYRIGHT O DE DEPÓSITO LEGAL |
| Número de copyright o de depósito legal |
M 1501-2015 |
| Agencia que asigna el número |
Oficina Depósito Legal Madrid |
| 020 ## - NÚMERO INTERANCIONAL NORMALIZADO PARA LIBROS (ISBN) |
| Número Internacional Normalizado para Libros (ISBN) |
9788484405931 |
| 040 ## - FUENTE DE LA CATALOGACIÓN |
| Centro catalogador del origen |
SpMaBN |
| Lengua de catalogación |
spa |
| Centro transcriptor |
SpMaBN |
| Normas de descripción |
rdc |
| Centro modificador |
ES-SlBCS |
| 245 00 - MENCIÓN DE TÍTULO |
| Título |
"¿Qué has hecho con tu hermano?" (Gn 4,9) |
| Resto del título |
: corre el riesgo del encuentro con el otro : Cuaresma y Pascua 2015 |
| Mención de responsabilidad, etc. |
[escriben, Francisco Maya Maya (coordinador) ... et al.] |
| 260 ## - PUBLICACIÓN, DISTRIBUCIÓN, ETC... (PIE DE IMPRENTA) |
| Lugar de publicación, distribución, etc. |
Madrid : |
| Nombre del editor, distribuidor, etc. |
Cáritas Española |
| Fecha de publicación, distribución, etc. |
, 2015 |
| 300 ## - DESCRIPCIÓN FÍSICA |
| Extensión |
365 p. : |
| Otras características físicas |
mús. ; |
| Dimensiones |
21 cm |
| 336 ## - TIPO DE CONTENIDO |
| Término de tipo de contenido |
Texto (visual) |
| Fuente |
isbdcontent |
| 337 ## - TIPO DE MEDIO |
| Nombre del tipo de medio |
sin mediación |
| Fuente |
isbdmedia |
| 504 ## - NOTA DE BIBLIOGRAFÍA, ETC. |
| Nota de bibliografía, etc. |
Incluye referencias bibliográficas |
| 650 #4 - PUNTO DE ACCESO ADICIONAL DE MATERIA-TÉRMINO DE MATERIA |
| Término de materia o nombre geográfico como elemento inicial |
Cuaresma |
| Subdivisión de materia general |
Liturgia |
| 9 (RLIN) |
88233 |
| 650 #4 - PUNTO DE ACCESO ADICIONAL DE MATERIA-TÉRMINO DE MATERIA |
| Término de materia o nombre geográfico como elemento inicial |
Pascua |
| Subdivisión de materia general |
Liturgia |
| 9 (RLIN) |
110460 |
| 700 1# - PUNTO DE ACCESO ADICIONAL-NOMBRE DE PERSONA |
| Nombre de persona |
Maya Maya, Francisco |
| Fechas asociadas al nombre |
1953- |
| Término indicativo de función |
autor |
| -- |
director de la publicación |
| 9 (RLIN) |
1119 |
| 942 ## - ENTRADA DE ELEMENTOS AGREGADOS (KOHA) |
| Fuente de clasificaión o esquema |
|
| Koha [por defecto] tipo de item |
Libros |